000
00310nam a22001097a 4500
020
_a
9787510463303
245
_a
Governing the Party : How the CPC Works
_c
Xie Chuntao (editor)
260
_a
Beijing
_b
New World Press
_c
2017
300
_a
256p
942
_2
ddc
_c
BK
999
_c
586545
_d
586545